Database Systems Design, Implementation And Management (Record no. 305569)

MARC details
000 -LEADER
fixed length control field 00452nam a2200169Ia 4500
008 - FIXED-LENGTH DATA ELEMENTS--GENERAL INFORMATION
fixed length control field 230718s9999 xx 000 0 und d
041 ## - LANGUAGE CODE
Language code of text/sound track or separate title eng
082 ## - DEWEY DECIMAL CLASSIFICATION NUMBER
Classification number 005.74
Item number ROB
100 ## - MAIN ENTRY--PERSONAL NAME
Personal name Rob P.
245 ## - TITLE STATEMENT
Title Database Systems Design, Implementation And Management
250 ## - EDITION STATEMENT
Edition statement 5th ed.
260 ## - PUBLICATION, DISTRIBUTION, ETC. (IMPRINT)
Date of publication, distribution, etc. 2003
Name of publisher, distributor, etc. Thomson Publication
300 ## - PHYSICAL DESCRIPTION
Extent 838
365 ## - TRADE PRICE
Currency code Rs.
Price amount 425.00
700 ## - ADDED ENTRY--PERSONAL NAME
Personal name Rob P. & Coronel C.
906 ## - LOCAL DATA ELEMENT F, LDF (RLIN)
d B:103040001517-Jul-2003
c COMP
b 85
Holdings
Withdrawn status Lost status Damaged status Not for loan Home library Current library Date acquired Vendor Budget Code Cost, normal purchase price Bill number Total Checkouts Full call number Barcode Date last seen Discount Cost, replacement price Bill Date Koha item type Original Barcode
        Cummins College of Engineering for Women Pune Cummins College of Engineering for Women Pune 22/07/2003 Mehta Publishing House COMP 340.00 1030400015   005.74 CCEP-BK-16776 18/07/2023 85 425.00 17/07/2003 Books 016776